000 00300nam a22001217a 4500
003 SGT
082 _a200
_bS06M
100 _aमिश्र, शिवकुमार
245 _aसंतवाणी
260 _bइफ्को लिमिटेड
_c2006
300 _a386
942 _2ddc
_cBK
999 _c31718
_d31718